| 000 | 00825nam a2200253Ia 4500 | ||
|---|---|---|---|
| 008 | 130821s1992 sp gr spa | ||
| 020 | _a8430921621 | ||
| 040 |
_aCo-BoUCM _bspa |
||
| 041 | _aspa | ||
| 100 | 1 |
_aCuerda Riezu, Antonio _9118153 |
|
| 245 | 1 | 0 |
_aConcurso de delitos y determinación de la pena Análisis legal, doctrinal y jurisprudencial _cAntonio Cuerda Riezu |
| 260 |
_aMadrid (España) _bTecnos _c1992 |
||
| 300 | _a285 páginas | ||
| 490 | _aCiencias Jurídicas | ||
| 504 | _aIncluye índice | ||
| 650 | 0 | 4 |
_aCriminología _912152 |
| 650 | 0 | 4 |
_aDelitos _912564 |
| 650 | 0 | 4 |
_aDerecho penal _912805 |
| 650 | 0 | 4 |
_aDerecho penal _zEspaña _930586 |
| 650 | 0 | 4 |
_aPenas _921249 |
| 650 | 0 | 4 |
_aTeoría del derecho _925308 |
| 942 |
_cLIBRO _a8 _e1 _mC83 _2DEWEY _h364.1 |
||
| 999 |
_c19835 _d19835 |
||